000 00844nam a2200181Ia 4500
008 100920s9999 xx 000 0 und d
082 _b104648
_a891.43 न 08
100 _aमलैय्या के.सी./इन्दुरख्या स्ैैैाारभ.
245 _aरोगो का सरल उपचार एवं स्वास्थ्य शिक्षा.
260 _bआशिष पब्लिकेशन,जबलपूर.
_c2008
300 _a64
_bसाधी
365 _b100
520 _aहिंदी.
630 _aरोगो का सरल उपचार एवं स्वास्थ्य शिक्षा.
650 _aहिंदी.
730 _aरोगो का सरल उपचार एवं स्वास्थ्य शिक्षा.
942 _cBOOK
999 _c745080
_d745077